Del laboratorio al mercado.

Saved in:
Bibliographic Details
Main Author: Ossa Daruich, Álvaro Javier (autor)
Format: Unknown
Published: Santiago, Chile: Ediciones UC, 2024
Edition:Segunda Edición.
Subjects:
Tags: Add Tag
No Tags, Be the first to tag this record!

MARC

LEADER 00000 a2200000 4500
003 CL-VaPUC
005 20241111121455.0
008 241015t2024 ||||| |||| 00| 0 eng d
999 |c 445136  |d 445134 
020 |a 978-956-14-3308-3 
040 |c Pontificia Universidad Católica de Valparaíso 
082 7 |2 22  |a 600 OSS 2024 
100 |a Ossa Daruich, Álvaro Javier  |9 892331  |e autor 
245 |a Del laboratorio al mercado. 
250 |a Segunda Edición.  
260 |a Santiago, Chile:  |b Ediciones UC,  |c 2024 
583 |k GC  |c 20241015 
650 |a Ciencia y tecnología  |x Aspectos económicos  |9 892332 
650 0 |a Transferencia de tecnología  |9 259659 
650 |a Innovaciones tecnológicas   |x Comercialización   |9 892333 
942 |2 ddc  |c BK 
952 |0 0  |1 0  |2 ddc  |4 0  |6 600_000000000000000_OSS_2024  |7 0  |8 A  |9 597362  |a BIBCUR  |b BIBCUR  |d 2024-10-15  |e 11  |g 20499.75  |i 5663053  |l 1  |o 600 OSS 2024  |p 5663053  |r 2025-04-22  |s 2024-12-06  |t 4  |v 20499.75  |w 2024-10-15  |y BK  |k QUI 
952 |0 0  |1 0  |2 ddc  |4 0  |6 600_000000000000000_OSS_2024  |7 0  |8 A  |9 597363  |a BIBCUR  |b BIBCUR  |d 2024-10-15  |e 11  |g 20499.75  |i 5663051  |o 600 OSS 2024  |p 5663051  |r 2025-04-22  |t 2  |v 20499.75  |w 2024-10-15  |y BK  |k QUI 
952 |0 0  |1 0  |2 ddc  |4 0  |6 600_000000000000000_OSS_2024  |7 0  |8 A  |9 597364  |a BIBCUR  |b BIBCUR  |d 2024-10-15  |e 11  |g 20499.75  |i 5663052  |o 600 OSS 2024  |p 5663052  |r 2025-04-22  |t 3  |v 20499.75  |w 2024-10-15  |y BK  |k QUI 
952 |0 0  |1 0  |2 ddc  |4 0  |6 600_000000000000000_OSS_2024  |7 0  |8 A  |9 597365  |a BIBCUR  |b BIBCUR  |d 2024-10-15  |e 11  |g 20499.75  |i 5663050  |o 600 OSS 2024  |p 5663050  |r 2025-04-22  |t 1  |v 20499.75  |w 2024-10-15  |y BK  |k QUI 
952 |0 0  |1 0  |2 ddc  |4 0  |6 600_000000000000000_OSS_2024  |7 0  |8 A  |9 597542  |a BIBCUR  |b BIBCUR  |d 2024-10-24  |e 21  |g 20900.00  |i 5663065  |o 600 OSS 2024  |p 5663065  |r 2025-04-22  |t 5  |v 20900.00  |w 2024-10-24  |y BK  |k QUI 
952 |0 0  |1 0  |2 ddc  |4 0  |6 600_000000000000000_OSS_2024  |7 0  |8 A  |9 597543  |a BIBCUR  |b BIBCUR  |d 2024-10-24  |e 21  |g 20900.00  |i 5663069  |o 600 OSS 2024  |p 5663069  |r 2025-04-22  |t 9  |v 20900.00  |w 2024-10-24  |y BK  |k QUI 
952 |0 0  |1 0  |2 ddc  |4 0  |6 600_000000000000000_OSS_2024  |7 0  |8 A  |9 597544  |a BIBCUR  |b BIBCUR  |d 2024-10-24  |e 21  |g 20900.00  |i 5663066  |o 600 OSS 2024  |p 5663066  |r 2025-04-22  |t 6  |v 20900.00  |w 2024-10-24  |y BK  |k QUI 
952 |0 0  |1 0  |2 ddc  |4 0  |6 600_000000000000000_OSS_2024  |7 0  |8 A  |9 597545  |a BIBCUR  |b BIBCUR  |d 2024-10-24  |e 21  |g 20900.00  |i 5663067  |o 600 OSS 2024  |p 5663067  |r 2025-04-22  |t 7  |v 20900.00  |w 2024-10-24  |y BK  |k QUI 
952 |0 0  |1 0  |2 ddc  |4 0  |6 600_000000000000000_OSS_2024  |7 0  |8 A  |9 597546  |a BIBCUR  |b BIBCUR  |d 2024-10-24  |e 21  |g 20900.00  |i 5663068  |o 600 OSS 2024  |p 5663068  |r 2025-04-22  |t 8  |v 20900.00  |w 2024-10-24  |y BK  |k QUI